| 000 | 00663nam a2200241Ia 4500 | ||
|---|---|---|---|
| 003 | OSt | ||
| 005 | 20221005085558.0 | ||
| 006 | a|||||r|||| 00| 0 | ||
| 007 | ta | ||
| 008 | 221004b |||||||| |||| 00| 0 eng d | ||
| 024 | _a122400 | ||
| 037 |
_bGift, 27/10/2012, _cTextual |
||
| 040 |
_aCRL _cCRL _beng |
||
| 041 |
_2eng _aeng |
||
| 082 | _aY7, J6 | ||
| 100 |
_aKahler Erich _919606 |
||
| 245 | 0 |
_aMan the measure _b A new approach to history |
|
| 260 |
_aNew York _bGeorge Braziller U.S.A _c1956 |
||
| 300 |
_a700p. _ccm. |
||
| 650 | _aSOCIOLOGY | ||
| 942 |
_hY7, J6 _cTEXL _2cc |
||
| 999 |
_c994404 _d994404 |
||